[Event "Heusenstamm Schloss op"]
[Site "Heusenstamm"]
[Date "2023.11.26"]
[Round "7"]
[White "Wahlund, Max"]
[Black "Hinz, Andre"]
[Result "0-1"]
[WhiteElo "2079"]
[BlackElo "1690"]
[PlyCount "62"]
[EventDate "2023.11.23"]
[EventType "swiss"]
[EventRounds "7"]
[EventCountry "GER"]
[SourceTitle "CB50_2023"]
[SourceDate "2023.12.13"]
[SourceVersion "1"]
[SourceVersionDate "2023.12.13"]
[SourceQuality "1"]

1. e4 e5 2. f4 exf4 3. Nc3 d6 4. Nf3 Nf6 5. d4 Nh5 6. Bc4 Be6 7. Qe2 g6 8. 0-0 Be7 9. Bd2 0-0 10. Rae1 Nd7 11. Nd5 Nb6 12. Nxe7+ Qxe7 13. Bb3 Bxb3 14. axb3 Rfe8 15. Qb5 h6 16. Qd3 Nd7 17. e5 dxe5 18. Nxe5 Nxe5 19. Rxe5 Qd6 20. Rfe1 Rxe5 21. Rxe5 Rd8 22. Kf1 Qxe5 23. dxe5 Rxd3 24. cxd3 g5 25. Ke2 Ng7 26. Kf3 Ne6 27. b4 a6 28. Ke4 c6 29. Kf5 Kg7 30. Bc3 Kf8 31. Kf6 Nc7 0-1

[Event "Heusenstamm Schloss op"]
[Site "Heusenstamm"]
[Date "2023.11.25"]
[Round "5"]
[White "Wahlund, Max"]
[Black "Alt, Johannes1"]
[Result "1-0"]
[WhiteElo "2079"]
[BlackElo "1557"]
[PlyCount "67"]
[EventDate "2023.11.23"]
[EventType "swiss"]
[EventRounds "7"]
[EventCountry "GER"]
[SourceTitle "CB50_2023"]
[SourceDate "2023.12.13"]
[SourceVersion "1"]
[SourceVersionDate "2023.12.13"]
[SourceQuality "1"]

1. e4 e6 2. d4 d5 3. Nc3 Bb4 4. e5 c5 5. a3 Bxc3+ 6. bxc3 Ne7 7. Qg4 0-0 8. Nf3 Nbc6 9. Bd3 Qc7 10. 0-0 f5 11. exf6 Rxf6 12. Qh5 g6 13. Qh4 Rf8 14. c4 cxd4 15. cxd5 exd5 16. Nxd4 Nf5 17. Bxf5 Bxf5 18. Bb2 Rf7 19. Nxc6 bxc6 20. Qd4 Rg7 21. c4 Rd8 22. cxd5 cxd5 23. Rac1 Qb7 24. Qxg7+ Qxg7 25. Bxg7 Kxg7 26. Rc7+ Rd7 27. Rfc1 Kf6 28. Rxd7 Bxd7 29. Rc7 Bb5 30. Rxa7 d4 31. Rb7 Be2 32. Rb2 d3 33. f3 Ke5 34. Rxe2+ 1-0

[Event "Aarhus-chB"]
[Site "Aarhus"]
[Date "2022.02.11"]
[Round "3"]
[White "Wahlund, Max"]
[Black "Loftgaard, Mikkel Vinh"]
[Result "1-0"]
[WhiteElo "2088"]
[BlackElo "2121"]
[PlyCount "103"]
[EventDate "2022.02.10"]
[EventType "tourn"]
[EventRounds "5"]
[EventCountry "DEN"]
[SourceTitle "EXT 2024"]
[Source "ChessBase"]
[SourceDate "2023.10.10"]
[SourceVersion "1"]
[SourceVersionDate "2023.10.10"]
[SourceQuality "1"]

1. e4 c5 2. Nc3 e6 3. d4 cxd4 4. Qxd4 Nc6 5. Qe3 Nf6 6. Nf3 d5 7. exd5 Nxd5 8. Nxd5 Qxd5 9. Bd3 Bc5 10. Qe2 0-0 11. c3 Qh5 12. Be3 Bxe3 13. Qxe3 b6 14. g4 Qxg4 15. 0-0-0 Bb7 16. Rhg1 Qh5 17. Rg5 Qh6 18. Rdg1 Ne7 19. Rxg7+ Qxg7 20. Rxg7+ Kxg7 21. Qd4+ Kg8 22. Ng5 Ng6 23. Qf6 Rad8 24. Bc2 Rd7 25. h4 Rfd8 26. h5 h6 27. Nxe6 fxe6 28. Qxg6+ Rg7 29. Qxe6+ Kh8 30. Qxh6+ Kg8 31. Bb3+ Rd5 32. Qe6+ Kh7 33. Bxd5 Bxd5 34. Qxd5 Kh6 35. Kd2 Rg5 36. Qxg5+ Kxg5 37. Ke3 Kxh5 38. Kf4 Kg6 39. Ke5 Kf7 40. Kd6 Kf6 41. Kc6 Kf5 42. Kb7 Kf4 43. Kxa7 b5 44. Kb6 Kf3 45. Kxb5 Kxf2 46. a4 Ke2 47. a5 Kd2 48. c4 Kc2 49. b4 Kb3 50. a6 Kc3 51. a7 Kb3 52. a8Q 1-0

[Event "Titled Tuesday intern op 16th Nov"]
[Site "Chess.com INT"]
[Date "2021.11.16"]
[Round "2"]
[White "Wahlund, Max"]
[Black "Yedidia, Daniel"]
[Result "0-1"]
[WhiteElo "2079"]
[BlackElo "1991"]
[PlyCount "34"]
[EventDate "2021.11.16"]
[EventType "swiss (blitz)"]
[EventRounds "11"]
[EventCountry "USA"]
[SourceTitle "CBM 205 Extra"]
[Source "ChessBase"]
[SourceDate "2022.01.31"]
[SourceVersion "1"]
[SourceVersionDate "2022.01.31"]
[SourceQuality "1"]

1. e4 e5 2. f4 d5 3. exd5 exf4 4. Nc3 Qh4+ 5. Ke2 Bg4+ 6. Nf3 Nf6 7. d4 Bd6 8. Kd3 Qh5 9. Be2 Qg6+ 10. Kc4 Nbd7 11. Ne5 Bxe5 12. Bxg4 Nxg4 13. Re1 0-0 14. dxe5 Ngxe5+ 15. Kb3 Qb6+ 16. Ka3 Nc4+ 17. Ka4 Nc5# 0-1

[Event "Titled Tuesday intern op 24th Nov"]
[Site "Chess.com INT"]
[Date "2020.11.24"]
[Round "3"]
[White "Tristan, Leonardo"]
[Black "Wahlund, Max"]
[Result "1-0"]
[WhiteElo "2535"]
[BlackElo "2137"]
[PlyCount "67"]
[EventDate "2020.11.24"]
[EventType "swiss (blitz)"]
[EventRounds "11"]
[EventCountry "USA"]
[SourceTitle "CBM 199 Extra"]
[Source "ChessBase"]
[SourceDate "2021.01.31"]
[SourceVersion "1"]
[SourceVersionDate "2021.01.31"]
[SourceQuality "1"]

1. d4 Nf6 2. Bf4 d5 3. e3 g6 4. Nf3 Bg7 5. Be2 0-0 6. 0-0 b6 7. a4 Bb7 8. a5 c5 9. c3 Nc6 10. a6 Bc8 11. Qb3 Na5 12. Qa3 c4 13. Nbd2 Nh5 14. Bg5 Re8 15. Bh4 Qd6 16. Qxd6 exd6 17. Ng5 h6 18. Nh3 Nf6 19. Bxf6 Bxf6 20. Nf4 Be6 21. Bf3 Rac8 22. Nxd5 Bg7 23. Nb4 f5 24. Rfe1 Bf7 25. e4 fxe4 26. Nxe4 Rcd8 27. Nd2 Kf8 28. Kf1 g5 29. h3 Nb3 30. Nxb3 cxb3 31. Nc6 Bc4+ 32. Kg1 Rxe1+ 33. Rxe1 Re8 34. Ra1 1-0

[Event "Pardubice Czech op-A 31st"]
[Site "Pardubice"]
[Date "2020.09.27"]
[Round "8"]
[White "Simek, Petr1111"]
[Black "Wahlund, Max"]
[Result "1-0"]
[WhiteElo "2289"]
[BlackElo "2153"]
[PlyCount "95"]
[EventDate "2020.09.21"]
[EventType "swiss"]
[EventRounds "9"]
[EventCountry "CZE"]
[SourceTitle "CBM 198 Extra"]
[Source "ChessBase"]
[SourceDate "2020.11.30"]
[SourceVersion "1"]
[SourceVersionDate "2020.11.30"]
[SourceQuality "1"]

1. c4 c5 2. g3 Nc6 3. Bg2 e5 4. Nc3 g6 5. a3 a5 6. e3 Bg7 7. Nge2 Nge7 8. d3 d6 9. Bd2 Be6 10. Nd5 0-0 11. Nec3 Rb8 12. 0-0 Qd7 13. Qa4 Bh3 14. Nxe7+ Nxe7 15. Qxa5 Bxg2 16. Kxg2 Qc6+ 17. f3 d5 18. e4 dxc4 19. dxc4 b6 20. Qb5 Qxb5 21. cxb5 Rfd8 22. Be3 Kf8 23. Kf2 Rd7 24. Ke2 Rbd8 25. Rfd1 Ke8 26. a4 Rxd1 27. Rxd1 Rxd1 28. Kxd1 Kd7 29. Kc2 f5 30. Kd3 Ke6 31. b3 Bf8 32. Bg5 Nc8 33. Nd5 Kd7 34. Nf6+ Ke6 35. Nxh7 Be7 36. h4 fxe4+ 37. fxe4 Nd6 38. Bxe7 Kxe7 39. Ng5 Kf6 40. Nf3 c4+ 41. bxc4 Nb7 42. Kc3 Nc5 43. Kb4 Nxe4 44. a5 bxa5+ 45. Kxa5 Nc5 46. Kb6 e4 47. Ne1 Nd7+ 48. Kc7 1-0

[Event "Pardubice Czech op-A 31st"]
[Site "Pardubice"]
[Date "2020.09.26"]
[Round "7"]
[White "Wahlund, Max"]
[Black "Bouska, Jiri"]
[Result "1-0"]
[WhiteElo "2153"]
[BlackElo "1701"]
[PlyCount "111"]
[EventDate "2020.09.21"]
[EventType "swiss"]
[EventRounds "9"]
[EventCountry "CZE"]
[SourceTitle "CBM 198 Extra"]
[Source "ChessBase"]
[SourceDate "2020.11.30"]
[SourceVersion "1"]
[SourceVersionDate "2020.11.30"]
[SourceQuality "1"]

1. d4 Nf6 2. c4 g6 3. Nc3 d5 4. Nf3 Bg7 5. Qb3 dxc4 6. Qxc4 c6 7. e4 0-0 8. Be2 Na6 9. 0-0 Be6 10. Qa4 Nc7 11. Bf4 Bg4 12. Rad1 Ne6 13. Be3 Qc8 14. h3 Bxf3 15. Bxf3 Nc7 16. d5 cxd5 17. exd5 Nd7 18. Qa3 Ne5 19. Be2 Re8 20. Rc1 Qb8 21. Rfd1 b5 22. Qb3 b4 23. Ne4 a5 24. f4 Nd7 25. Qc4 Nf6 26. Ng5 Ncxd5 27. Rxd5 Nxd5 28. Qxd5 Rf8 29. Rc5 e6 30. Qe4 h6 31. Nf3 b3 32. axb3 Bxb2 33. Rb5 Qd8 34. Ne5 Ra6 35. Rb7 Bxe5 36. Bxa6 Qd1+ 37. Kh2 Bg7 38. Bc4 Qd6 39. Ra7 Re8 40. Rxa5 Kh8 41. Ra6 Qe7 42. Ra8 Rxa8 43. Qxa8+ Kh7 44. Qa7 Qf6 45. Qc5 Qc3 46. b4 e5 47. Bxf7 exf4 48. Bxf4 Qf6 49. Qc4 h5 50. Bg8+ Kh8 51. Be6 g5 52. Bg3 h4 53. Bc7 Qb2 54. Qe4 g4 55. Bxg4 Qf6 56. b5 1-0

[Event "Koge Lang Sommer Weekend"]
[Site "Koge"]
[Date "2020.07.26"]
[Round "6"]
[White "Kistrup, Nicolai"]
[Black "Wahlund, Max"]
[Result "0-1"]
[WhiteElo "2170"]
[BlackElo "2124"]
[PlyCount "126"]
[EventDate "2020.07.22"]
[EventType "swiss"]
[EventRounds "7"]
[EventCountry "DEN"]
[SourceTitle "EXT 2021"]
[Source "ChessBase"]
[SourceDate "2020.10.23"]
[SourceVersion "1"]
[SourceVersionDate "2020.10.23"]
[SourceQuality "1"]

1. d4 d5 2. c4 e5 3. dxe5 d4 4. Nf3 Nc6 5. Nbd2 Nge7 6. Nb3 Nf5 7. e4 dxe3 8. Qxd8+ Nxd8 9. fxe3 Nc6 10. a3 Be7 11. Bd2 0-0 12. 0-0-0 Nh4 13. Rg1 Nxf3 14. gxf3 Nxe5 15. Bc3 f6 16. Be2 Be6 17. Nd4 Bd7 18. f4 Nf7 19. Bg4 Bxg4 20. Rxg4 Nh6 21. Rg2 Kf7 22. b4 Rad8 23. Rdg1 Rg8 24. f5 g6 25. Ne6 Rc8 26. e4 gxf5 27. Rxg8 Rxg8 28. Rxg8 Kxg8 29. exf5 c6 30. Nd4 c5 31. Nb5 a6 32. Nc7 cxb4 33. axb4 Nxf5 34. c5 Kf7 35. Kd2 Ng7 36. Kd3 f5 37. Nd5 Ne6 38. Nxe7 Kxe7 39. Kc4 Nc7 40. Be5 Kd7 41. h4 Kc6 42. h5 Nd5 43. Bh2 f4 44. Kd4 f3 45. Bg1 Nf4 46. Ke3 Nxh5 47. Kxf3 Nf6 48. Ke3 Kb5 49. Kd4 Kc6 50. Bf2 h5 51. Be1 Nd5 52. Ke4 Ne7 53. Kf4 Kb5 54. Kg5 Nd5 55. Kxh5 Nxb4 56. Kg4 Kxc5 57. Kf3 Kc4 58. Ke2 Kb3 59. Kd1 a5 60. Bd2 a4 61. Kc1 a3 62. Kb1 a2+ 63. Ka1 Nc2# 0-1

[Event "Titled Tuesday intern op 7th July"]
[Site "Chess.com INT"]
[Date "2020.07.07"]
[Round "6"]
[White "Wahlund, Max"]
[Black "Saravana, Krishnan P"]
[Result "0-1"]
[WhiteElo "2124"]
[BlackElo "2312"]
[PlyCount "108"]
[EventDate "2020.07.07"]
[EventType "swiss (blitz)"]
[EventRounds "10"]
[EventCountry "USA"]
[SourceTitle "CBM 197 Extra"]
[Source "ChessBase"]
[SourceDate "2020.09.30"]
[SourceVersion "1"]
[SourceVersionDate "2020.09.30"]
[SourceQuality "1"]

1. d4 Nf6 2. c4 g6 3. g3 Bg7 4. Bg2 0-0 5. Nf3 c6 6. 0-0 d6 7. Nc3 Qb6 8. e4 Bg4 9. h3 Bxf3 10. Bxf3 e5 11. dxe5 dxe5 12. Qe2 Re8 13. Be3 Qc7 14. Bg2 Nbd7 15. Rad1 Bf8 16. f4 Bc5 17. f5 Bxe3+ 18. Qxe3 Qb6 19. Qxb6 axb6 20. a3 Kg7 21. Rd6 g5 22. Rfd1 Nc5 23. Kf2 Nb3 24. Ke3 Nd4 25. Ne2 c5 26. Nc3 Red8 27. Rxd8 Rxd8 28. Nd5 Nxd5+ 29. cxd5 f6 30. Bf1 Kf7 31. Bc4 Ke7 32. Rg1 Kd6 33. h4 g4 34. h5 b5 35. Be2 Rg8 36. Rh1 Rg5 37. Rh4 h6 38. Bxg4 c4 39. Kf2 Nc2 40. Be2 Kc5 41. Rg4 Rxg4 42. Bxg4 c3 43. bxc3 Nxa3 44. Be2 Nb1 45. g4 Nxc3 46. Ke3 b4 47. Bd3 Na4 48. g5 fxg5 49. f6 Kd6 50. f7 Ke7 51. d6+ Kxf7 52. d7 Ke7 53. Bc2 Nb6 54. Kd3 Kxd7 0-1

[Event "Titled Tuesday intern op 30th June"]
[Site "Chess.com INT"]
[Date "2020.06.30"]
[Round "8"]
[White "Wahlund, Max"]
[Black "Johnson, Joel F"]
[Result "0-1"]
[WhiteElo "2097"]
[BlackElo "2223"]
[PlyCount "48"]
[EventDate "2020.06.30"]
[EventType "swiss (blitz)"]
[EventRounds "10"]
[EventCountry "USA"]
[SourceTitle "CBM 197 Extra"]
[Source "ChessBase"]
[SourceDate "2020.09.30"]
[SourceVersion "1"]
[SourceVersionDate "2020.09.30"]
[SourceQuality "1"]

1. d4 b5 2. e4 a6 3. Nf3 Bb7 4. Bd3 e6 5. Qe2 Nf6 6. e5 Nd5 7. 0-0 d6 8. a4 b4 9. c4 bxc3 10. bxc3 Nd7 11. Ba3 g5 12. c4 N5b6 13. exd6 cxd6 14. d5 e5 15. c5 Nxd5 16. cxd6 Nf4 17. Qd2 Nxg2 18. Nxg5 Rg8 19. h4 Nxh4 20. Bxh7 Rxg5+ 21. Kh2 Nf3+ 22. Kh3 Nxd2 23. Nxd2 Rh5+ 24. Kg4 Qg5# 0-1

[Event "Titled Tuesday intern op 23rd June"]
[Site "Chess.com INT"]
[Date "2020.06.23"]
[Round "2"]
[White "Wahlund, Max"]
[Black "Jakubowski, Krzysztof"]
[Result "0-1"]
[WhiteElo "2097"]
[BlackElo "2481"]
[PlyCount "76"]
[EventDate "2020.06.23"]
[EventType "swiss (blitz)"]
[EventRounds "10"]
[EventCountry "USA"]
[SourceTitle "CBM 197 Extra"]
[Source "ChessBase"]
[SourceDate "2020.09.30"]
[SourceVersion "1"]
[SourceVersionDate "2020.09.30"]
[SourceQuality "1"]

1. d4 Nf6 2. c4 e6 3. g3 d5 4. Bg2 Bb4+ 5. Bd2 Be7 6. Nf3 0-0 7. 0-0 Nbd7 8. Qc2 c6 9. Bf4 Ne4 10. Nbd2 g5 11. Be3 Nd6 12. cxd5 exd5 13. Ne5 Nxe5 14. dxe5 Nf5 15. Bc5 Re8 16. e4 Bxc5 17. Qxc5 Qe7 18. Qxe7 Nxe7 19. f4 gxf4 20. gxf4 Kh8 21. exd5 cxd5 22. Nb3 Nf5 23. Rfe1 Be6 24. Rad1 Rg8 25. Kf2 Rac8 26. Bxd5 Bxd5 27. Rxd5 Nh4 28. Nd4 Rg2+ 29. Ke3 Rxb2 30. Rd7 Ng2+ 31. Ke4 Nxe1 32. Rxf7 Rb4 33. Ke3 Ng2+ 34. Kf3 Rxd4 35. Kxg2 Rb4 36. e6 Rc3 37. e7 Rb2+ 38. Kf1 Rc1# 0-1

[Event "Titled Tuesday intern op 5th May"]
[Site "Chess.com INT"]
[Date "2020.05.05"]
[Round "3"]
[White "Buksa, Nataliya"]
[Black "Wahlund, Max"]
[Result "1-0"]
[WhiteElo "2410"]
[BlackElo "2096"]
[PlyCount "91"]
[EventDate "2020.05.05"]
[EventType "swiss (blitz)"]
[EventRounds "10"]
[EventCountry "USA"]
[SourceTitle "EXT 2021"]
[Source "ChessBase"]
[SourceDate "2020.10.23"]
[SourceVersion "1"]
[SourceVersionDate "2020.10.23"]
[SourceQuality "1"]

1. d4 Nf6 2. Nc3 d5 3. Bf4 Bf5 4. e3 e6 5. f3 Bb4 6. g4 Bg6 7. Bd3 c5 8. h4 Qa5 9. Nge2 Nc6 10. h5 Bxd3 11. Qxd3 c4 12. Qd2 b5 13. Kf2 h6 14. a3 Be7 15. b4 Qb6 16. Rab1 Nd7 17. e4 Nf6 18. exd5 Nxd5 19. Nxd5 exd5 20. c3 0-0 21. Ng3 Bf6 22. Nf5 Rfe8 23. Bxh6 gxh6 24. Qxh6 Nxd4 25. cxd4 Bxd4+ 26. Kg3 Qxh6 27. Nxh6+ Kh7 28. Nxf7 Bg7 29. g5 d4 30. g6+ Kg8 31. h6 Be5+ 32. Kg4 d3 33. h7+ Kg7 34. h8Q+ Rxh8 35. Rxh8 Rxh8 36. Nxe5 Re8 37. Kf4 c3 38. Nxd3 Kf6 39. Rc1 Rc8 40. Nc5 Rxc5 41. bxc5 Kxg6 42. Rxc3 a5 43. c6 b4 44. axb4 axb4 45. c7 bxc3 46. c8Q 1-0

[Event "Titled Tuesday intern op 28th Apr"]
[Site "Chess.com INT"]
[Date "2020.04.28"]
[Round "1"]
[White "Dziuba, Marcin"]
[Black "Wahlund, Max"]
[Result "1-0"]
[WhiteElo "2585"]
[BlackElo "2095"]
[PlyCount "109"]
[EventDate "2020.04.28"]
[EventType "swiss (blitz)"]
[EventRounds "10"]
[EventCountry "USA"]
[SourceTitle "EXT 2021"]
[Source "ChessBase"]
[SourceDate "2020.10.23"]
[SourceVersion "1"]
[SourceVersionDate "2020.10.23"]
[SourceQuality "1"]

1. e4 e6 2. d3 d5 3. Nd2 c5 4. g3 Nc6 5. Bg2 Nf6 6. Ngf3 dxe4 7. dxe4 e5 8. 0-0 Be7 9. c3 0-0 10. Qe2 Qc7 11. a4 Bg4 12. h3 Bxf3 13. Bxf3 Rad8 14. Nc4 Nd7 15. Ne3 Nf6 16. Nf5 Na5 17. Be3 Nb3 18. Rad1 Rxd1 19. Rxd1 Rd8 20. Rxd8+ Bxd8 21. Qb5 Qb6 22. Qd3 Na5 23. b4 Nc6 24. Bxc5 Qc7 25. h4 Ne7 26. Nxe7+ Bxe7 27. Be3 b6 28. Kg2 h6 29. Be2 Nd7 30. f3 Nf8 31. Qc4 Qd7 32. a5 Bd8 33. a6 Kh8 34. Qd5 Qc7 35. Bc4 Ne6 36. Bd2 g5 37. h5 g4 38. fxg4 Kg7 39. Qd3 Bg5 40. Bxe6 Bxd2 41. Qxd2 fxe6 42. g5 Qc6 43. gxh6+ Kh7 44. Kf3 Qc4 45. Kg4 Qxe4+ 46. Kg5 Qf5+ 47. Kh4 Qe4+ 48. g4 Qh1+ 49. Kg3 Qg1+ 50. Kf3 Qf1+ 51. Ke3 Qf4+ 52. Kd3 e4+ 53. Kc2 e3 54. Qd3+ Kxh6 55. Qg6# 1-0

[Event "Titled Tuesday intern op 28th Apr"]
[Site "Chess.com INT"]
[Date "2020.04.28"]
[Round "7"]
[White "Foerster Yialamas, Lucas"]
[Black "Wahlund, Max"]
[Result "1-0"]
[WhiteElo "2010"]
[BlackElo "2095"]
[PlyCount "147"]
[EventDate "2020.04.28"]
[EventType "swiss (blitz)"]
[EventRounds "10"]
[EventCountry "USA"]
[SourceTitle "EXT 2021"]
[Source "ChessBase"]
[SourceDate "2020.10.23"]
[SourceVersion "1"]
[SourceVersionDate "2020.10.23"]
[SourceQuality "1"]

1. e4 e6 2. d4 d5 3. Nc3 Bb4 4. e5 c5 5. a3 Bxc3+ 6. bxc3 Qc7 7. Qg4 f5 8. Qg3 Ne7 9. Be2 0-0 10. Nh3 b6 11. Nf4 Qd7 12. Nh5 Ng6 13. Nf4 Nxf4 14. Bxf4 Ba6 15. h4 Bxe2 16. Kxe2 Nc6 17. Qd3 Rac8 18. h5 Na5 19. h6 g6 20. Rab1 Qa4 21. dxc5 Qxf4 22. cxb6 Qxe5+ 23. Qe3 Qxe3+ 24. Kxe3 axb6 25. Kd4 Rc4+ 26. Ke5 Kf7 27. f3 Ke7 28. Rxb6 Nc6+ 29. Rxc6 Rxc6 30. Rb1 Rfc8 31. Rb7+ R8c7 32. Rb8 Rxc3 33. Rh8 Re3+ 34. Kf4 Rxa3 35. Rxh7+ Kd6 36. Rh8 Re3 37. Kxe3 Ke5 38. h7 g5 39. g3 f4+ 40. gxf4+ gxf4+ 41. Kd3 Ra7 42. c4 dxc4+ 43. Kxc4 Rd7 44. Kc5 Rc7+ 45. Kb6 Rf7 46. Kc5 Kf6 47. Kd4 Kg7 48. Re8 Kxh7 49. Ke5 Kg7 50. Kxe6 Ra7 51. Ke5 Ra4 52. Rd8 Kg6 53. Rg8+ Kf7 54. Rg4 Ra5+ 55. Kxf4 Kf6 56. Rg1 Ra4+ 57. Kg3 Ra3 58. Rb1 Kf5 59. Rb5+ Kf6 60. Kg4 Ra4+ 61. f4 Kg6 62. Rb6+ Kf7 63. Kg5 Ra5+ 64. f5 Ra1 65. Rb7+ Kf8 66. Kg6 Ra2 67. Rb8+ Ke7 68. f6+ Ke6 69. Re8+ Kd7 70. Re5 Rg2+ 71. Rg5 Rxg5+ 72. Kxg5 Ke8 73. Kg6 Kf8 74. f7 1-0